Our modern banking and monetary system (Registro nro. 5196)
[ vista simple ]
| 000 -LEADER | |
|---|---|
| fixed length control field | 00885 a2200193 4500 |
| 001 - CONTROL NUMBER | |
| control field | 53340 |
| 005 - DATE AND TIME OF LATEST TRANSACTION | |
| control field | 20260407155807.0 |
| 008 - FIXED-LENGTH DATA ELEMENTS--GENERAL INFORMATION | |
| fixed length control field | 260407a1942 arg spa d |
| 003 - CONTROL NUMBER IDENTIFIER | |
| control field | AR-UNSa-BCEJYS |
| 040 ## - CATALOGING SOURCE | |
| Original cataloging agency | AR-UNSa-BCEJYS |
| Language of cataloging | spa |
| Transcribing agency | AR-UNSa-BCEJYS |
| 080 ## - UNIVERSAL DECIMAL CLASSIFICATION NUMBER | |
| Universal Decimal Classification number | 336.7 |
| Common auxiliary subdivision | Moneda. Sistema monetario. Banca. Bolsa |
| 100 1# - MAIN ENTRY--PERSONAL NAME | |
| Personal name | Thomas, Rollin G. |
| 245 10 - TITLE STATEMENT | |
| Title | Our modern banking and monetary system |
| 264 #1 - PRODUCTION, PUBLICATION, DISTRIBUTION, MANUFACTURE, AND COPYRIGHT NOTICE | |
| Place of production, publication, distribution, manufacture | New Jersey : |
| Name of producer, publisher, distributor, manufacturer | Prentice/Hall Internacional |
| Date of production, publication, distribution, manufacture, or copyright notice | 1942 |
| 300 ## - PHYSICAL DESCRIPTION | |
| Extent | 596 p. |
| Dimensions | 24 cm. |
| 505 ## - FORMATTED CONTENTS NOTE | |
| Formatted contents note | 1. Money and monetary systems - 2. Banks and their operation - 3. Bank loans and investments - 4. Banking systemns - 5. Price changes and the determinants of the volume of money - 6. The demand for money, income, and the price level - 7. Applications of monetary and fiscal policy - 8. International monetary relationships |
| 590 ## - LOCAL NOTE (RLIN) | |
| Local note | niveau_biblio:m niveau_hierar:0 |
| 942 ## - ADDED ENTRY ELEMENTS (KOHA) | |
| Koha item type | |
| Withdrawn status | Lost status | Damaged status | Not for loan | Home library | Current library | Shelving location | Date acquired | Total checkouts | Full call number | Barcode | Date last seen | Price effective from | Koha item type |
|---|---|---|---|---|---|---|---|---|---|---|---|---|---|
| Biblioteca Prof. Eusebio Cleto del Rey | Biblioteca Prof. Eusebio Cleto del Rey | 07/04/2026 | 336.7 T452 | L21292 | 07/04/2026 | 07/04/2026 | Libro |